| 000 | 00401 a2200109 4500 | ||
|---|---|---|---|
| 001 | ART_25962 | ||
| 005 | 20260410161935.0 | ||
| 008 | 260409a | ||
| 245 | 1 | 0 | _aLas múltiples ópticas de la "nueva arquitectura financiera internacional" |
| 100 | 1 | _aVillanueva, Javier | |
| 773 | 0 |
_tAnales de la Academia Nacional de Ciencias Económicas _g- Vol. XLVII, (2002) (ene. 2002) _wREV25596 |
|
| 999 |
_c28958 _d28958 |
||